| 000 | 00868nam a2200205Ia 4500 | ||
|---|---|---|---|
| 003 | GCL | ||
| 008 | 140319s9999 xx 000 0 ara d | ||
| 040 |
_aGCL / _cGCL |
||
| 082 | 0 | 4 |
_aط _b813.02 _bع ح |
| 100 | 1 | _aعبدالتواب يوسف | |
| 245 | 1 | 0 |
_aحكايات عائلية \ اسرة مترابطة - اباء وابناء - اخت واخ - ولدوبنت - ام وبنت - اب جديد - زوجة ابى - ابى على المعاش - الصغير والمدرسة - العائلة الكريمة / _cعبدالتواب يوسف |
| 700 | 1 | _aصالح وحيد | |
| 260 |
_aالقاهرة : _bالدار المصرية اللبنانية ، _c1995 |
||
| 300 |
_aمتعدد: _bايض ؛ _c24 سم |
||
| 490 |
_aحكايات عائلية _v9 |
||
| 650 | 0 | 4 | _aالاطفال |
| 650 | 0 | 4 | _aالقصص |
| 650 | 0 | 4 | _aقصص الاطفال |
| 942 |
_2ddc _cBK |
||
| 999 |
_c44526 _d44526 |
||